[Event "Lagan Grey Kaspian Sea"]
[Site "Lagan"]
[Date "2008.08.08"]
[Round "7"]
[White "Karuev, Nikolay"]
[Black "Papuev, Victor"]
[Result "1-0"]
[WhiteElo "1826"]
[BlackElo "1763"]
[PlyCount "131"]
[EventDate "2008.08.02"]
[EventType "swiss"]
[EventRounds "6"]
[EventCountry "RUS"]
[SourceTitle "EXT 2022"]
[Source "ChessBase"]
[SourceDate "2021.10.06"]
[SourceVersion "1"]
[SourceVersionDate "2021.10.06"]
[SourceQuality "1"]

1. e4 c6 2. d4 d5 3. e5 Bf5 4. Bd3 Bxd3 5. Qxd3 e6 6. f4 g6 7. Nf3 h5 8. h4 Nh6 9. Nbd2 Nf5 10. Nf1 Nd7 11. Ne3 Nxe3 12. Bxe3 Qb6 13. b3 Bb4+ 14. c3 Be7 15. Ng5 c5 16. 0-0 0-0 17. Qe2 Kg7 18. Rf3 Bxg5 19. fxg5 cxd4 20. cxd4 Rac8 21. Raf1 Rc7 22. Qd3 Qa6 23. Qxa6 bxa6 24. Bd2 Nb6 25. Bb4 Rfc8 26. Bd6 Rd7 27. R3f2 Rc6 28. Bc5 a5 29. Rc2 Kg8 30. Rfc1 Rdc7 31. Kf2 Nc8 32. Ke2 Ne7 33. g3 Nf5 34. Rc3 a6 35. Kf3 Rc8 36. g4 hxg4+ 37. Kxg4 Ng7 38. R1c2 R8c7 39. Kf4 Nf5 40. Kg4 Ng7 41. a3 Nf5 42. h5 gxh5+ 43. Kxh5 Kh7 44. b4 axb4 45. axb4 Rc8 46. Rd3 Rb8 47. Ra2 Kg7 48. Rda3 Rh8+ 49. Kg4 Rh4+ 50. Kf3 Rc8 51. Rxa6 Rch8 52. Rd2 Rh3+ 53. Ke2 Ng3+ 54. Kd1 Ne4 55. Rg2 Rd3+ 56. Kc2 Rc3+ 57. Kb2 Rhh3 58. Ra7 Kg6 59. Ka2 Rh1 60. b5 Rcc1 61. b6 Rc4 62. Ba3 Nc3+ 63. Kb3 Nb5 64. b7 Nxd4+ 65. Ka2 Nc6 66. Ra8 1-0

[Event "Lagan Grey Kaspian Sea"]
[Site "Lagan"]
[Date "2008.08.02"]
[Round "1"]
[White "Isaev, Felix"]
[Black "Karuev, Nikolay"]
[Result "1/2-1/2"]
[WhiteElo "1718"]
[BlackElo "1826"]
[PlyCount "84"]
[EventDate "2008.08.02"]
[EventType "swiss"]
[EventRounds "6"]
[EventCountry "RUS"]
[SourceTitle "EXT 2022"]
[Source "ChessBase"]
[SourceDate "2021.10.06"]
[SourceVersion "1"]
[SourceVersionDate "2021.10.06"]
[SourceQuality "1"]

1. e4 d5 2. exd5 Qxd5 3. Nc3 Qa5 4. Bc4 Nf6 5. Nf3 Bg4 6. 0-0 Qh5 7. Be2 c6 8. d3 Nbd7 9. Be3 e6 10. Re1 Bd6 11. g3 0-0 12. Nh4 Ne5 13. f4 Bxe2 14. Qxe2 Neg4 15. d4 Nd5 16. Nxd5 exd5 17. h3 Nf6 18. Qxh5 Nxh5 19. Bf2 g6 20. Nf3 Nf6 21. Ne5 Ne4 22. c3 f6 23. Nd3 Rae8 24. Kg2 Re7 25. Bg1 Rfe8 26. Re2 h6 27. Rae1 g5 28. Bh2 Kg7 29. f5 a5 30. Nf2 Nd2 31. Rxe7+ Rxe7 32. Rxe7+ Bxe7 33. g4 Nc4 34. Nd3 a4 35. Kf3 a3 36. b4 Nd2+ 37. Ke3 Nb1 38. Bg3 Nxc3 39. Be1 Nb5 40. Nc5 b6 41. Ne6+ Kf7 42. Kd3 Ke8 1/2-1/2